000 00814nam a22003137a 4500
003 OSt
008 150515b xxu||||| |||| 00| 0 eng d
100 1 _aLindquist, H. L.
041 _aeng
050 0 0 _a383.2135S
245 1 0 _aThe Stamp Specialist
246 1 0 _aEmerald Book (Number 16)
260 _aNew York, NY
_bH. L. Lindquist
300 _a136 pages
650 0 _aGeneral
650 0 _aConfederate states
650 0 _aCSA Postal Legislation
650 0 _aCSA Postal Rates
650 0 _aCSA Postal Uses
650 0 _aCSA Earliest Known Dates
650 0 _aTrans-Atlantic Mails
650 0 _aAustria
650 0 _aLombardy-Venetia
650 0 _aPuerto Rico
650 0 _aRevenue Stamps
650 0 _aElectric Eye
650 0 _aPoland Stamped Envelopes
650 0 _aPoland Letter Cards
999 _c1473
_d1473